Представление документа в формате MARC21

ПолеНазваниеЗначение
  Тип записи a
  Библиографический уровень m
001 Контрольный номер RU/URAIT/581710
005 Дата корректировки 20260429163648.3
008 Кодируемые данные 260429s2026 RU y f j 000 0 rus u
020 Индекс ISBN __
a ISBN 978-5-534-21278-5
c Цена, тираж 1519.00
040 Источник каталогиз. __
a Служба первич. каталог. ИКО Юрайт
c Служба, преобразующая запись ИКО Юрайт
e Правила каталог. RCR
041 Код языка издания __
a Код языка текста rus
044 Код страны публикации __
a Код страны публикации RU
080 Индекс УДК __
a Индекс УДК 349.6(075.8)
084 Индекс другой классификации/Индекс ББК __
2 Источник индекса rubbk
a Индекс другой классификации/Индекс ББК 67.407я73
100 Автор __
a Автор Лютягина Е. А.
q Полное имя Лютягина Елена Александровна
245 Заглавие __
a Заглавие Правовые основы природопользования и охраны окружающей среды
b Продолж. заглавия учебник и практикум для вузов
c Ответственность Е. А. Лютягина, А. М. Волков ; под общей редакцией Е. А. Лютягиной.
250 Сведения об издании __
g пер. и доп
a Основные сведения об издании 5-е изд.
256 Характеристики компьютерного файла __
a Характеристики компьютерного файла Электрон. дан.
260 Выходные данные __
a Место издания Москва
b Издательство Юрайт
c Дата издания 2026
300 Физическое описание __
a Объем 278 с
440 Серия __
a Серия Высшее образование
500 Примечания __
a Примечание URL: https://urait.ru/bcode/581710 (дата обращения: 29.04.2026).
520 Аннотация __
a Аннотация В курсе рассмотрены основные понятия и институты права природопользования, в том числе: предмет, метод и система российского законодательства о природных ресурсах, источники и принципы, публичные и частные субъекты, объекты правоотношений в области природопользования, право собственности и другие вещные права на объекты природы и природные ресурсы, регулирование и управление в области природопользования и охраны окружающей среды, вопросы юридической ответственности за правонарушения в данной области. В нем также описан правовой режим использования и охраны отдельных природных ресурсов: земельных, водных, лесных и ресурсов недр. Отдельное внимание уделено вопросам оценки воздействия на окружающую среду и администрированию экологических налогов и платежей.
538 Прим. о системных особенностях __
a Прим. о системных особенностях Режим доступа: Электронно-библиотечная система Юрайт, для авториз. пользователей
653 Ключевые слова __
a Ключевые слова Земельное право. Экологическое право
653 Ключевые слова __
a Ключевые слова Юридические науки
653 Ключевые слова __
a Ключевые слова Право, правовые основы охраны природы и природопользования
653 Ключевые слова __
a Ключевые слова Правовые основы природопользования и охраны окружающей среды
653 Ключевые слова __
a Ключевые слова Правовые основы охраны окружающей среды
653 Ключевые слова __
a Ключевые слова Экологические основы природопользования
653 Ключевые слова __
a Ключевые слова Правовые основы рационального природопользования
653 Ключевые слова __
a Ключевые слова Правовые основы охраны природы
653 Ключевые слова __
a Ключевые слова Основы законодательства в области охраны окружающей среды
653 Ключевые слова __
a Ключевые слова Право, правовые основы охраны природы
653 Ключевые слова __
a Ключевые слова Правовые основы природопользования
653 Ключевые слова __
a Ключевые слова Правовые основы охраны природы и природопользования
653 Ключевые слова __
a Ключевые слова Эколого-правовые основы природопользования и охраны окружающей среды
653 Ключевые слова __
a Ключевые слова Правовое регулирование охраны окружающей среды и рационального природопользования
653 Ключевые слова __
a Ключевые слова Административно-правовая система управления природопользованием
653 Ключевые слова __
a Ключевые слова Регулирование деятельности предприятий в сфере охраны окружающей среды
653 Ключевые слова __
a Ключевые слова Правовые и экономические основы рационального природопользования
653 Ключевые слова __
a Ключевые слова Правовые основы охраны окружающей среды и ресурсопользования
653 Ключевые слова __
a Ключевые слова Правовая основа охраны окружающей среды
653 Ключевые слова __
a Ключевые слова Правовое регулирование природопользования
653 Ключевые слова __
a Ключевые слова Административно-правовое регулирование природопользования в топливно-энергетическом комплексе
653 Ключевые слова __
a Ключевые слова Административно-правовое регулирование природопользования в ТЭК
653 Ключевые слова __
a Ключевые слова Нормативно-правовые основы природопользования
653 Ключевые слова __
a Ключевые слова Нормативно-правовые основы защиты окружающей среды
653 Ключевые слова __
a Ключевые слова Право, правовые основы природопользования
653 Ключевые слова __
a Ключевые слова Правовые основы природопользования и международное сотрудничество в области охраны природы
653 Ключевые слова __
a Ключевые слова Административно-правовое регулирование природопользования в альтернативном энергоснабжении и использовании отходов
653 Ключевые слова __
a Ключевые слова Экономические и правовые аспекты природопользования
653 Ключевые слова __
a Ключевые слова Правовые основы природопользования и охраны природы
653 Ключевые слова __
a Ключевые слова Судебная экспертиза объектов окружающей среды
653 Ключевые слова __
a Ключевые слова Правовые основы защиты окружающей среды
653 Ключевые слова __
a Ключевые слова Правовые основы промышленного природопользования
653 Ключевые слова __
a Ключевые слова Правовые основы управления природопользованием
653 Ключевые слова __
a Ключевые слова Нормативное регулирование природопользования и охраны окружающей среды
653 Ключевые слова __
a Ключевые слова Законодательство в области экологической безопасности и охраны окружающей среды
653 Ключевые слова __
a Ключевые слова Эколого-правовой инструментарий защиты окружающей среды
700 Другие авторы __
a Другие авторы Волков А. М.
q Полное имя Волков Александр Михайлович
856 Электронный адрес документа 40
n Местонахождение сервера Юрайт
g Электронная книга
q Тип электронного формата html
h Имя пользователя ЮРАЙТ
v Часы доступа к ресурсу 20271231
2 Способ доступа Показать документ
x Служебное примечание https://urait.ru/book/cover/9B8EB7FF-B53F-4A1C-87B6-6EEA5D794EAF
u URL https://urait.ru/bcode/581710
856 Электронный адрес документа 48
q Тип электронного формата cover
u URL https://urait.ru/book/cover/9B8EB7FF-B53F-4A1C-87B6-6EEA5D794EAF
911 __
u 0030=https://urait.ru/bcode/581710
911 __
u 073a=9785534212785
u 073d=1519.00
911 __
u 106a=s
911 __
u 900l=
952 Тип литературы __
i Дисциплина Право, правовые основы охраны природы и природопользования
952 Тип литературы __
i Дисциплина Правовые основы природопользования и охраны окружающей среды
952 Тип литературы __
i Дисциплина Правовые основы охраны окружающей среды
952 Тип литературы __
i Дисциплина Экологические основы природопользования
952 Тип литературы __
i Дисциплина Правовые основы рационального природопользования
952 Тип литературы __
i Дисциплина Правовые основы охраны природы
952 Тип литературы __
i Дисциплина Основы законодательства в области охраны окружающей среды
952 Тип литературы __
i Дисциплина Право, правовые основы охраны природы
952 Тип литературы __
i Дисциплина Правовые основы природопользования
952 Тип литературы __
i Дисциплина Правовые основы охраны природы и природопользования
952 Тип литературы __
i Дисциплина Эколого-правовые основы природопользования и охраны окружающей среды
952 Тип литературы __
i Дисциплина Правовое регулирование охраны окружающей среды и рационального природопользования
952 Тип литературы __
i Дисциплина Административно-правовая система управления природопользованием
952 Тип литературы __
i Дисциплина Регулирование деятельности предприятий в сфере охраны окружающей среды
952 Тип литературы __
i Дисциплина Правовые и экономические основы рационального природопользования
952 Тип литературы __
i Дисциплина Правовые основы охраны окружающей среды и ресурсопользования
952 Тип литературы __
i Дисциплина Правовая основа охраны окружающей среды
952 Тип литературы __
i Дисциплина Правовое регулирование природопользования
952 Тип литературы __
i Дисциплина Административно-правовое регулирование природопользования в топливно-энергетическом комплексе
952 Тип литературы __
i Дисциплина Административно-правовое регулирование природопользования в ТЭК
952 Тип литературы __
i Дисциплина Нормативно-правовые основы природопользования
952 Тип литературы __
i Дисциплина Нормативно-правовые основы защиты окружающей среды
952 Тип литературы __
i Дисциплина Право, правовые основы природопользования
952 Тип литературы __
i Дисциплина Правовые основы природопользования и международное сотрудничество в области охраны природы
952 Тип литературы __
i Дисциплина Административно-правовое регулирование природопользования в альтернативном энергоснабжении и использовании отходов
952 Тип литературы __
i Дисциплина Экономические и правовые аспекты природопользования
952 Тип литературы __
i Дисциплина Правовые основы природопользования и охраны природы
952 Тип литературы __
i Дисциплина Судебная экспертиза объектов окружающей среды
952 Тип литературы __
i Дисциплина Правовые основы защиты окружающей среды
952 Тип литературы __
i Дисциплина Правовые основы промышленного природопользования
952 Тип литературы __
i Дисциплина Правовые основы управления природопользованием
952 Тип литературы __
i Дисциплина Нормативное регулирование природопользования и охраны окружающей среды
952 Тип литературы __
i Дисциплина Законодательство в области экологической безопасности и охраны окружающей среды
952 Тип литературы __
i Дисциплина Эколого-правовой инструментарий защиты окружающей среды